Kiến thức bổ trợ Ngữ văn 11 nâng cao
保存先:
| 第一著者: | |
|---|---|
| フォーマット: | 図書 |
| 言語: | Undetermined |
| 出版事項: |
Hà Nội
Giáo dục Việt Nam
2010
|
| 主題: | |
| タグ: |
タグ追加
タグなし, このレコードへの初めてのタグを付けませんか!
|
| Thư viện lưu trữ: | Trung tâm Học liệu Trường Đại học Cần Thơ |
|---|
| LEADER | 00664nam a2200205Ia 4500 | ||
|---|---|---|---|
| 001 | CTU_185093 | ||
| 008 | 210402s9999 xx 000 0 und d | ||
| 020 | |c 38500 | ||
| 082 | |a 495.9220712 | ||
| 082 | |b Ph300/T.2 | ||
| 100 | |a Nguyễn, Khắc Phi | ||
| 245 | 0 | |a Kiến thức bổ trợ Ngữ văn 11 nâng cao | |
| 245 | 0 | |c Nguyễn Khắc Phi chủ biên | |
| 260 | |a Hà Nội | ||
| 260 | |b Giáo dục Việt Nam | ||
| 260 | |c 2010 | ||
| 650 | |a Philology,Ngữ văn | ||
| 650 | |x Study and teaching (secondary),Dạy và học (Trung học) | ||
| 904 | |i Hải | ||
| 980 | |a Trung tâm Học liệu Trường Đại học Cần Thơ | ||